[Event "Mechanics' Mar TNM; 30/90, SD/30"]
[Site "San Francisco"]
[Date "2012.09.11"]
[Round "7.18"]
[White "Harris, Clarence"]
[Black "Poling, Scott"]
[Result "0-1"]
[WhiteElo "1346"]
[BlackElo "1788"]
[PlyCount "88"]
[EventDate "2012.??.??"]

1. e4 e6 2. d3 d5 3. Nd2 Nf6 4. Ngf3 Be7 5. g3 b5 6. Bg2 c5 7. O-O Bb7 8. Re1
Nc6 9. e5 Nd7 10. Nf1 a5 11. a3 a4 12. h4 b4 13. c3 bxc3 14. bxc3 Qc7 15. Bf4
Nb6 16. h5 h6 17. N1h2 Na5 18. Ng4 Nb3 19. Rb1 c4 20. d4 Bxa3 21. Re2 Be7 22.
Nh4 a3 23. Ra2 Na4 24. Qc2 Qa5 25. Bd2 Ba6 26. Ng6 Nxd2 27. Nxh8 Nxb1 28. Nxf7
Naxc3 29. Qg6 Kd7 30. Qxg7 Nxa2 31. Nd6 Qd8 32. Nf6+ Kc6 33. Nf7 Qf8 34. Qg6
Bxf6 35. Qxf6 Kd7 36. Bxd5 exd5 37. e6+ Ke8 38. Qe5 Nac3 39. Nd6+ Kd8 40. Nf5
Ra7 41. Qb8+ Bc8 42. Qxa7 Qxf5 43. e7+ Ke8 44. Qc7 Qd7 0-1

[Event "Mechanics' Winter TNM; 30/90, SD/30"]
[Site "San Francisco"]
[Date "2012.01.03"]
[Round "1.16"]
[White "Harris, Clarence"]
[Black "Ramachandran, Jayakrishnan"]
[Result "0-1"]
[WhiteElo "1336"]
[BlackElo "1791"]
[Annotator "Donaldson"]
[PlyCount "30"]
[EventDate "2012.??.??"]

1. e4 e5 2. Nf3 Nc6 3. Bb5 a6 4. Bxc6 dxc6 5. O-O Bg4 6. h3 Bxf3 7. gxf3 $2 Nf6
8. d3 Be7 9. Be3 Qd7 10. Kg2 Rd8 11. Nd2 Nh5 12. Nc4 Qe6 13. Bd2 $2 (13. Qd2 b5
14. Na5 $15) 13... b5 $1 14. Na5 Bb4 $1 15. Bxb4 (15. Nb3 Bxd2 16. Qxd2 Nf4+)
15... Nf4+ 0-1

[Event "Mechanics' Mar TNM; 30/90, SD/30"]
[Site "San Francisco"]
[Date "2012.08.14"]
[Round "3.20"]
[White "Harris, Clarence"]
[Black "Russell, Ryan"]
[Result "1/2-1/2"]
[WhiteElo "1346"]
[BlackElo "1731"]
[PlyCount "66"]
[EventDate "2012.??.??"]

1. e4 e5 2. Nf3 Nc6 3. Bb5 Nge7 4. O-O a6 5. Bxc6 Nxc6 6. d4 exd4 7. Nxd4 Qf6
8. e5 Nxe5 9. Re1 Bc5 10. f4 d6 11. Kh1 Bg4 12. Qxg4 Bxd4 13. fxe5 Bxe5 14. Nc3
O-O 15. Bd2 Qe6 16. Qxe6 fxe6 17. Rf1 Rxf1+ 18. Rxf1 Rf8 19. Rxf8+ Kxf8 20. b3
Bxc3 21. Bxc3 e5 22. Kg1 Ke7 23. Kf2 Kf6 24. Kf3 Kf5 25. Ke3 g5 26. h3 h5 27.
g3 g4 28. h4 b6 29. Bd2 d5 30. c3 c6 31. b4 Kf6 32. Bc1 c5 33. bxc5 bxc5
1/2-1/2

[Event "Mechanics' Winter TNM; 30/90, SD/30"]
[Site "San Francisco"]
[Date "2012.02.07"]
[Round "6.28"]
[White "Harris, Clarence"]
[Black "Standen, Julian"]
[Result "0-1"]
[WhiteElo "1336"]
[BlackElo "1613"]
[PlyCount "66"]
[EventDate "2012.??.??"]

1. e4 c6 2. d3 d5 3. Nd2 e5 4. Ngf3 Bd6 5. g3 Nf6 6. Bg2 O-O 7. O-O Bg4 8. h3
Bh5 9. Qe1 Nbd7 10. Nh4 Qe8 11. Ndf3 Rd8 12. Nf5 Bc7 13. N3h4 dxe4 14. dxe4 Nc5
15. Bg5 Qe6 16. Qe3 Bb6 17. Nxg7 Kxg7 18. Bh6+ Kh8 19. Bxf8 Rxf8 20. Qh6 Rg8
21. Nf5 Ncxe4 22. Bxe4 Nxe4 23. Qxe6 fxe6 24. Ne3 Bxe3 25. fxe3 Rxg3+ 26. Kh2
Rxe3 27. Rg1 Re2+ 28. Rg2 Rxg2+ 29. Kxg2 Nf6 30. Re1 e4 31. Re3 Kg7 32. Kg3 Kg6
33. Kf4 Nd5+ 0-1

[Event "Mechanics' Winter TNM; 30/90, SD/30"]
[Site "San Francisco"]
[Date "2012.02.14"]
[Round "7.19"]
[White "Harris, John"]
[Black "Donnelly, Patrick"]
[Result "1-0"]
[WhiteElo "1737"]
[BlackElo "1556"]
[PlyCount "37"]
[EventDate "2012.??.??"]

1. e4 c5 2. Nf3 d6 3. d4 cxd4 4. Qxd4 Nc6 5. Bb5 Bd7 6. Bxc6 Bxc6 7. Nc3 Nf6 8.
Bg5 Qa5 9. O-O-O b5 10. e5 Nd7 11. exd6 f6 12. dxe7 Bxe7 13. Rhe1 Rd8 14. Rxe7+
Kxe7 15. Qd6+ Kf7 16. Qxc6 Nb6 17. Ne5+ fxe5 18. Rxd8 Rxd8 19. Bxd8 1-0

[Event "Mechanics' Winter TNM; 30/90, SD/30"]
[Site "San Francisco"]
[Date "2012.01.24"]
[Round "4.20"]
[White "Harris, John"]
[Black "Mar, Henry"]
[Result "0-1"]
[WhiteElo "1737"]
[BlackElo "1523"]
[PlyCount "48"]
[EventDate "2012.??.??"]

1. e4 c6 2. d4 d5 3. Nc3 dxe4 4. Nxe4 Bf5 5. Ng3 Bg6 6. h4 h6 7. f4 e6 8. Nf3
Nd7 9. h5 Bh7 10. Bd3 Bxd3 11. Qxd3 Ngf6 12. f5 Qc7 13. Nh4 Bd6 14. Ne2 e5 15.
Bd2 e4 16. Qb3 Ng4 17. Rh3 O-O-O 18. Be3 Ndf6 19. Bg1 Nd5 20. O-O-O Bf4+ 21.
Nxf4 Qxf4+ 22. Kb1 e3 23. Rf3 e2 24. Re1 Qd2 0-1

[Event "Mechanics' Spring TNM; 30/90, SD/30"]
[Site "San Francisco"]
[Date "2012.03.20"]
[Round "2.25"]
[White "Harris, John"]
[Black "Olson, David"]
[Result "1-0"]
[WhiteElo "1737"]
[BlackElo "1400"]
[PlyCount "43"]
[EventDate "2012.??.??"]

1. e4 e5 2. Nf3 d6 3. d4 exd4 4. Bc4 Be6 5. Bxe6 fxe6 6. Nxd4 e5 7. Ne6 Qd7 8.
Nxf8 Kxf8 9. O-O g6 10. b3 (10. f4 $1) 10... h5 11. f4 Ke8 12. Bb2 Nc6 13. Nd2
Nh6 14. Nf3 Ng4 15. Qd2 Rf8 16. h3 Nf6 17. Rfe1 exf4 18. Qxf4 Nd5 19. exd5+ Ne7
20. Bf6 Rf7 21. Ng5 Rxf6 22. Qxf6 1-0

[Event "Mechanics' Mar TNM; 30/90, SD/30"]
[Site "San Francisco"]
[Date "2012.08.28"]
[Round "5.30"]
[White "Hartsough, Chester"]
[Black "Lazaro, Fernando"]
[Result "1-0"]
[WhiteElo "997"]
[BlackElo "1254"]
[PlyCount "72"]
[EventDate "2012.??.??"]

1. e4 e5 2. Nf3 d6 3. Bc4 Bg4 4. h3 Bh5 5. g4 Bg6 6. h4 Bxe4 7. d3 d5 8. Bb3
Bxf3 9. Qxf3 c6 10. c4 Bb4+ 11. Nc3 Bxc3+ 12. bxc3 Qf6 13. Qxf6 Nxf6 14. g5 Nh5
15. cxd5 Nf4 16. Bxf4 exf4 17. dxc6 Nxc6 18. O-O-O O-O-O 19. Bxf7 Ne5 20. Be6+
Kb8 21. d4 Nc6 22. Rh3 Rhe8 23. d5 Ne5 24. Kc2 f3 25. Re1 Nc4 26. Rxf3 Nb6 27.
Rd1 Nc4 28. Rf7 Na3+ 29. Kb3 Rxe6 30. dxe6 Rxd1 31. Kxa3 Re1 32. e7 Kc8 33.
Rf8+ Kd7 34. e8=Q+ Rxe8 35. Rxe8 Kxe8 36. Kb4 g6 {
remainder illegible. W won in a few more moves.} 1-0

[Event "Mechanics' Mar TNM; 30/90, SD/30"]
[Site "San Francisco"]
[Date "2012.09.04"]
[Round "6.26"]
[White "Hartsough, Chester"]
[Black "Macintyre, Brendan"]
[Result "0-1"]
[WhiteElo "997"]
[BlackElo "1689"]
[PlyCount "76"]
[EventDate "2012.??.??"]

1. e4 c5 2. Bc4 Nc6 3. Nf3 g6 4. c3 Bg7 5. d3 d6 6. Bd5 e6 7. Bxc6+ bxc6 8.
Nbd2 Ne7 9. Nc4 Ba6 10. Qa4 Bb5 11. Qb3 O-O 12. Bg5 Qc7 13. O-O-O Rab8 14. Bf4
Bxc4 15. Qxc4 Qb6 16. Rd2 d5 17. Qb3 Qxb3 18. axb3 Rxb3 19. Bd6 Re8 20. Bxc5
Bh6 21. Kc2 Rb5 22. Rdd1 Rxc5 23. Ra1 dxe4 24. d4 Rb5 25. Ne5 Rb7 26. Nc4 Reb8
27. b4 Nd5 28. Nd6 Rd7 29. Nxe4 Bf8 30. Ra4 Rdb7 31. Rha1 Ra8 32. Ra6 Rc7 33.
R1a4 Be7 34. g3 f5 35. Nd2 Nf6 36. f3 Nd7 37. Nc4 Kf7 38. Na5 Nb8 0-1

[Event "Mechanics' Mar TNM; 30/90, SD/30"]
[Site "San Francisco"]
[Date "2012.08.14"]
[Round "3.28"]
[White "Hartsough, Chester"]
[Black "Starr, Albert"]
[Result "0-1"]
[WhiteElo "997"]
[BlackElo "1562"]
[PlyCount "58"]
[EventDate "2012.??.??"]

1. e4 e5 2. Nf3 Nf6 3. Nc3 Bb4 4. a3 Ba5 5. Bc4 O-O 6. b4 Bb6 7. O-O d6 8. Nd5
Nxe4 9. Nxb6 axb6 10. d3 Nf6 11. Bg5 Bg4 12. h3 Bxf3 13. Qxf3 c6 14. b5 d5 15.
bxc6 dxc4 16. cxb7 Ra4 17. Bxf6 Qxf6 18. Qxf6 gxf6 19. Rfc1 Nd7 20. dxc4 Rxc4
21. a4 Rb8 22. Rd1 Rd4 23. c3 Rxd1+ 24. Rxd1 Rxb7 25. Rd3 Nc5 26. Rd8+ Kg7 27.
Ra8 Nb3 28. c4 Nd2 29. f3 Nxc4 0-1

[Event "Mechanics' Spring TNM; 30/90, SD/30"]
[Site "San Francisco"]
[Date "2012.04.03"]
[Round "4.21"]
[White "Hilliard, Michael"]
[Black "Afkham-Ebrahimi, Payam"]
[Result "0-1"]
[WhiteElo "1535"]
[BlackElo "1886"]
[PlyCount "50"]
[EventDate "2012.??.??"]

1. d4 d5 2. Nf3 e6 3. e3 f5 4. Nbd2 Nf6 5. Ne5 Nbd7 6. Ndf3 c6 7. Be2 Bd6 8.
O-O O-O 9. c4 Ne4 10. Bd2 g5 11. c5 Bc7 12. Nd3 Rf6 13. Nfe5 Rh6 14. f3 (14. f4
$11 g4 15. Be1) 14... Nexc5 15. Nxd7 $4 (15. Nxc5 Nxc5 (15... Bxe5 16. dxe5)
16. Qc2 Nd7 $15) 15... Bxh2+ 16. Kf2 g4 $1 17. Rh1 Nxd7 18. e4 gxf3 19. gxf3
Qh4+ 20. Ke3 f4+ 21. Nxf4 Qxf4+ 22. Kd3 dxe4+ 23. fxe4 Rh3+ 24. Kc4 b5+ 25. Kb4
a5# 0-1

[Event "Mechanics' Mar TNM; 30/90, SD/30"]
[Site "San Francisco"]
[Date "2012.08.28"]
[Round "5.28"]
[White "Hilliard, Michael"]
[Black "Bayaraa, Chinguun"]
[Result "0-1"]
[WhiteElo "1494"]
[BlackElo "1270"]
[PlyCount "86"]
[EventDate "2012.??.??"]

1. d4 d5 2. Nf3 Nf6 3. e3 e6 4. Nbd2 Be7 5. Bd3 Nbd7 6. O-O O-O 7. Re1 c5 8. c3
c4 9. Bb1 a6 10. e4 dxe4 11. Nxe4 Re8 12. Qc2 Nxe4 13. Rxe4 Nf6 14. Rh4 h6 15.
Bxh6 gxh6 16. Rxh6 Bf8 17. Rxf6 Bg7 18. Qh7+ Kf8 19. Rf4 b6 20. Bg6 Ra7 21. Ne5
Qg5 22. Rxf7+ Rxf7 23. Bxf7 Bxe5 24. Qg8+ Qxg8 25. Bxg8 Bxh2+ 26. Kxh2 Kxg8 27.
Re1 Kf7 28. Re5 Rh8+ 29. Kg1 Bb7 30. f3 Rg8 31. Kf2 Kf6 32. g4 Bd5 33. Kg3 Rf8
34. g5+ Kg6 35. f4 Rf7 36. Kg4 b5 37. Re3 Rh7 38. Re5 Rf7 39. Re3 Rh7 40. Re5
Rh2 41. f5+ exf5+ 42. Rxf5 Rg2+ 43. Kf4 Rf2+ 0-1

[Event "Mechanics' Mar TNM; 30/90, SD/30"]
[Site "San Francisco"]
[Date "2012.08.14"]
[Round "3.31"]
[White "Hilliard, Michael"]
[Black "Bowles, Sam"]
[Result "0-1"]
[WhiteElo "1494"]
[BlackElo "1285"]
[PlyCount "44"]
[EventDate "2012.??.??"]

1. d4 Nf6 2. Bg5 d5 3. Bxf6 exf6 4. e3 Nc6 5. Ne2 Bg4 6. Qd3 Bd6 7. Nbc3 Nb4 8.
Qd2 Bf5 9. Rc1 Qd7 10. a3 Nc6 11. Nxd5 Bxa3 12. Nxf6+ gxf6 13. bxa3 O-O-O 14.
Nf4 Rhg8 15. c4 Ne7 16. g3 Be4 17. Rg1 Ng6 18. Bd3 Bxd3 19. Nxd3 Nh4 20. Qe2
Qf5 21. Nf4 Qa5+ 22. Qd2 Nf3+ 0-1

[Event "Mechanics' Summer TNM; 30/90, SD/30"]
[Site "San Francisco"]
[Date "2012.06.12"]
[Round "4.29"]
[White "Hilliard, Michael"]
[Black "Cowgill, Jackie"]
[Result "1-0"]
[WhiteElo "1511"]
[BlackElo "834"]
[PlyCount "63"]
[EventDate "2012.??.??"]

1. d4 d5 2. Nf3 Nf6 3. e3 c5 4. c3 cxd4 5. exd4 Bg4 6. Qa4+ Bd7 7. Bb5 Nc6 8.
O-O e6 9. Bf4 Be7 10. Nbd2 O-O 11. Ne5 a6 12. Bxc6 b5 13. Qc2 Rc8 14. Bb7 Rb8
15. Bc6 Rb6 16. Bxd7 Nxd7 17. Ndf3 Nf6 18. Rae1 Nh5 19. Qd2 Nxf4 20. Qxf4 Bd6
21. Qg4 b4 22. Qh5 bxc3 23. bxc3 Rb2 24. Ng5 h6 25. Ngxf7 Qc7 26. Nxd6 Qxd6 27.
Re3 Qb8 28. Qg6 Rf6 29. Qd3 Rxa2 30. Nd7 Qb2 31. Nxf6+ gxf6 32. Qg6+ 1-0

[Event "Mechanics' Fall TNM; 30/90, SD/30"]
[Site "San Francisco"]
[Date "2012.12.04"]
[Round "8.26"]
[White "Hilliard, Michael"]
[Black "Cowgill, Jackie"]
[Result "0-1"]
[WhiteElo "1460"]
[BlackElo "939"]
[PlyCount "54"]
[EventDate "2012.??.??"]

1. d4 d5 2. Nf3 Nf6 3. e3 Bg4 4. c4 dxc4 5. Bxc4 e6 6. Qb3 Bxf3 7. Qxb7 Bxb7 8.
O-O Be7 9. Nc3 O-O 10. Bd2 c5 11. Ne2 Nc6 12. Bc3 a5 13. Rfd1 Qc7 14. Rd3 Ba6
15. Bxa6 Rxa6 16. Rad1 Nb4 17. Bxb4 axb4 18. a3 bxa3 19. bxa3 c4 20. Rc3 Rxa3
21. Rdc1 Rxc3 22. Nxc3 Qb8 23. Ne2 Qb2 24. Kf1 Ra8 25. g3 Ra1 26. Rxa1 Qxa1+
27. Kg2 c3 0-1

[Event "Mechanics' Winter TNM; 30/90, SD/30"]
[Site "San Francisco"]
[Date "2012.01.24"]
[Round "4.21"]
[White "Hilliard, Michael"]
[Black "Dembling, Arthur"]
[Result "0-1"]
[WhiteElo "1408"]
[BlackElo "1736"]
[PlyCount "90"]
[EventDate "2012.??.??"]

1. d4 Nf6 2. Bg5 d5 3. Bxf6 exf6 4. e3 Be6 5. Bd3 c5 6. c3 c4 7. Bc2 Bd6 8. e4
Qe7 9. Ne2 O-O 10. O-O Qd7 11. Nd2 Nc6 12. Re1 b5 13. a4 b4 14. b3 bxc3 15.
Nxc3 Nxd4 16. exd5 Bg4 17. Qb1 Nxc2 18. Qxc2 cxb3 19. Nxb3 Rfc8 20. Nd4 Be5 21.
Nc6 Bf5 22. Nxe5 fxe5 23. Qd2 f6 24. Nb5 Rc2 25. Qd1 a6 26. Na3 Rc5 27. d6 Rc6
28. Qd5+ Be6 29. Qe4 Rac8 30. Rad1 Rxd6 31. Rxd6 Qxd6 32. Nc2 Rc4 33. Qa8+ Kf7
34. Qb7+ Kg6 35. Qb3 Qd2 36. Qg3+ Kf7 37. Qf3 Rxc2 38. Qb7+ Kg6 39. Qe4+ Bf5
40. Qe3 Qxe3 41. fxe3 Be4 42. g3 Rg2+ 43. Kf1 Rxh2 44. a5 Kg5 45. Re2 Bd3 0-1

[Event "Mechanics' Fall TNM; 30/90, SD/30"]
[Site "San Francisco"]
[Date "2012.11.13"]
[Round "5.22"]
[White "Hilliard, Michael"]
[Black "Donnelly, Patrick"]
[Result "0-1"]
[WhiteElo "1460"]
[BlackElo "1647"]
[PlyCount "84"]
[EventDate "2012.??.??"]

1. d4 Nf6 2. Bg5 e6 3. Nf3 Be7 4. Nbd2 d5 5. e3 c5 6. c3 Nc6 7. Bd3 Bd7 8. O-O
cxd4 9. cxd4 Nb4 10. Bb1 Bb5 11. Re1 Rc8 12. a3 Nc6 13. e4 Qb6 14. exd5 Nxd5
15. Ne4 O-O 16. b4 Bxg5 17. Nexg5 Nf6 18. Ne4 Nxe4 19. Bxe4 Rfd8 20. Qb1 g6 21.
a4 Bc4 22. Bxc6 Rxc6 23. b5 Rcd6 24. Qb4 Bd5 25. a5 Qc7 26. Rac1 Qe7 27. Ne5
Qg5 28. g3 f6 29. Nc4 R6d7 30. Ne3 Bf3 31. Qc4 Rd6 32. Ng2 Bd5 33. Qe2 Bxg2 34.
Kxg2 Qd5+ 35. Kg1 Kf7 36. Rc7+ R6d7 37. Rc5 Qd6 38. Qc4 Re8 39. Re4 Kg7 40. a6
f5 41. d5 fxe4 42. Qxe4 Qxc5 0-1

[Event "Mechanics' Summer TNM; 30/90, SD/30"]
[Site "San Francisco"]
[Date "2012.06.26"]
[Round "6.30"]
[White "Hilliard, Michael"]
[Black "Frank, Robert"]
[Result "0-1"]
[WhiteElo "1511"]
[BlackElo "1361"]
[PlyCount "120"]
[EventDate "2012.??.??"]

1. d4 Nf6 2. Bg5 h6 3. Bxf6 gxf6 4. e3 d5 5. Ne2 e5 6. Nbc3 Nc6 7. Qd3 e4 8.
Qd2 Bg4 9. Nf4 Ne7 10. h3 Be6 11. O-O-O h5 12. Be2 h4 13. Nh5 Rh6 14. f4 c6 15.
Rdg1 Nf5 16. g4 hxg3 17. Nxg3 Bb4 18. Bg4 Nxg3 19. Rxg3 Qa5 20. Bxe6 fxe6 21.
Rg8+ Bf8 22. Qg2 O-O-O 23. h4 Qc7 24. h5 Qh7 25. Rg6 Rxh5 26. Rxh5 Qxh5 27.
Rxf6 Qe8 28. Qg4 Rd6 29. Qg8 Rd8 30. Qxe6+ Qxe6 31. Rxe6 Kd7 32. f5 Re8 33. Rg6
Ke7 34. Rg1 Kf6 35. Rf1 Bh6 36. Kd2 Rg8 37. Ne2 Rg5 38. a4 b6 39. b3 Rxf5 40.
Rxf5+ Kxf5 41. c4 Kg4 42. Nc3 Kf3 43. Nd1 a6 44. cxd5 cxd5 45. b4 Bg5 46. b5 a5
47. Nc3 Bxe3+ 48. Kd1 Bxd4 49. Nxd5 Kf2 50. Kd2 e3+ 51. Nxe3 Bxe3+ 52. Kd3 Bc5
53. Kd2 Kf3 54. Kd3 Kf4 55. Kc3 Ke5 56. Kc4 Kd6 57. Kc3 Kd5 58. Kd3 Bb4 59. Kc2
Kc4 60. Kb2 Bc5 0-1

[Event "Mechanics' Spring TNM; 30/90, SD/30"]
[Site "San Francisco"]
[Date "2012.05.01"]
[Round "8.27"]
[White "Hilliard, Michael"]
[Black "Furukawa, Jon"]
[Result "0-1"]
[WhiteElo "1535"]
[BlackElo "1275"]
[PlyCount "138"]
[EventDate "2012.??.??"]

1. d4 d5 2. Nf3 Nf6 3. e3 Nc6 4. Nbd2 Bf5 5. c4 e6 6. Qb3 Rb8 7. cxd5 exd5 8.
Bb5 a6 9. Bxc6+ bxc6 10. Qa4 Rb6 11. Ne5 Bd7 12. O-O Be7 13. Ndf3 c5 14. Nxd7
Qxd7 15. Qxd7+ Nxd7 16. b3 O-O 17. Bd2 Bf6 18. Rac1 cxd4 19. exd4 c6 20. Ba5
Rb5 21. b4 Rc8 22. a4 Rb7 23. Rc2 Nb6 24. Re1 Nc4 25. Rce2 Kf8 26. Rc1 Nxa5 27.
bxa5 Rb4 28. Rec2 h6 29. g3 Rxa4 30. Rxc6 Rxc6 31. Rxc6 Rxa5 32. Rc7 Ke8 33.
Kf1 Kd8 34. Rxf7 Rb5 35. h4 a5 36. g4 Rb4 37. Ne5 Bxe5 38. dxe5 Rxg4 39. e6 Ke8
40. Rd7 Rxh4 41. Rxg7 Re4 42. Rd7 Rxe6 43. Rxd5 Ra6 44. Rd3 a4 45. Ra3 h5 46.
Kg2 Ke7 47. f4 Kf6 48. Kg3 Kf5 49. Kh4 Kxf4 50. Kxh5 Ke4 51. Kg4 Kd4 52. Kf3
Kc4 53. Ke3 Kb4 54. Rd3 Rc6 $2 55. Rd4+ ({Now W can draw with} 55. Kd2 {e g,}
a3 56. Rd7 Ra6 57. Rb7+) 55... Kb3 56. Kd2 a3 57. Rd3+ Kb2 58. Rd5 Rb6 59. Rc5
Rd6+ 60. Ke2 Rd4 61. Ke3 Rb4 62. Kd2 a2 63. Rc2+ Ka3 64. Rc3+ Rb3 65. Rc1 Rb1
66. Rc3+ Kb4 67. Rc8 a1=Q 68. Rb8+ Kc5 69. Rc8+ Kd6 0-1

[Event "Mechanics' Mar TNM; 30/90, SD/30"]
[Site "San Francisco"]
[Date "2012.09.25"]
[Round "9.28"]
[White "Hilliard, Michael"]
[Black "Hartsough, Chester"]
[Result "1-0"]
[WhiteElo "1494"]
[BlackElo "997"]
[PlyCount "87"]
[EventDate "2012.??.??"]

1. d4 d5 2. Nf3 b6 3. e3 Nf6 4. Nbd2 e6 5. Bd3 Ba6 6. O-O Bxd3 7. cxd3 Bd6 8.
e4 Bf4 9. Re1 c6 10. Nb3 Bxc1 11. Rxc1 a5 12. Ne5 Qc7 13. Qc2 c5 14. Nf3 a4 15.
Nbd2 O-O 16. dxc5 bxc5 17. Qxc5 Nc6 18. Qxc6 Qxc6 19. Rxc6 a3 20. b3 Rfc8 21.
Rec1 Rxc6 22. Rxc6 h6 23. e5 Nd7 24. Rc7 Nb6 25. Nd4 f6 26. N2f3 Rc8 27. Rxc8+
Nxc8 28. Nxe6 Ne7 29. exf6 gxf6 30. Kf1 Nc6 31. Nfd4 Nb4 32. Nf4 Nxa2 33. Nc2
Nc1 34. Nxa3 Nxb3 35. Nxd5 Kg7 36. Nf4 Nd2+ 37. Ke2 Nb3 38. Ke3 f5 39. Nc4 Nc5
40. d4 Ne4 41. g4 Kf6 42. Ne2 Kg5 43. gxf5 Kxf5 44. Ng3+ 1-0

[Event "Mechanics' Mar TNM; 30/90, SD/30"]
[Site "San Francisco"]
[Date "2012.09.18"]
[Round "8.30"]
[White "Hilliard, Michael"]
[Black "Langrog, Alex"]
[Result "0-1"]
[WhiteElo "1494"]
[BlackElo "1347"]
[PlyCount "86"]
[EventDate "2012.??.??"]

1. d4 d5 2. Nf3 Nf6 3. e3 Bf5 4. c4 e6 5. Nc3 Bb4 6. a3 Bxc3+ 7. bxc3 O-O 8.
cxd5 exd5 9. c4 Nc6 10. Bd3 Bg4 11. O-O Ne7 12. Bd2 Re8 13. Bb4 Ng6 14. Rc1 a5
15. Bd2 Ne4 16. Be2 dxc4 17. Rxc4 Bxf3 18. Bxf3 Nxd2 19. Qxd2 Ne5 20. Rc5 Nxf3+
21. gxf3 b6 22. Rf5 g6 23. Rf4 Qg5+ 24. Kh1 h5 25. Qa2 Re7 26. Rg1 Qh6 27. Qd5
Rf8 28. Rh4 Kh7 29. f4 f6 30. Qf3 f5 31. Rc1 Kh8 32. Rc6 Qg7 33. Qg2 Rf6 34.
Rh3 Ree6 35. Rxe6 Rxe6 36. Qd5 Rd6 37. Qc4 Qe7 38. Qc3 Kh7 39. Kg2 Qe4+ 40. f3
Qc6 41. Qd2 Qd5 42. Qc2 Rc6 43. Qd3 Qa2+ 0-1

[Event "Mechanics' Fall TNM; 30/90, SD/30"]
[Site "San Francisco"]
[Date "2012.12.11"]
[Round "9.24"]
[White "Hilliard, Michael"]
[Black "Lazaro, Fernando"]
[Result "1-0"]
[WhiteElo "1460"]
[BlackElo "1266"]
[Annotator "Donaldson"]
[PlyCount "97"]
[EventDate "2012.??.??"]

1. d4 b6 2. Nf3 Bb7 3. e3 Nf6 4. Bd3 h6 5. Nbd2 d6 6. O-O e6 7. Re1 Be7 8. e4
O-O 9. c4 Nbd7 10. a3 a5 11. b3 Re8 12. Bb2 e5 13. Qc2 Bf8 14. b4 a4 15. d5 c5
16. b5 Nh7 17. Nf1 Ndf6 18. Ne3 Bc8 19. Qe2 Nh5 20. g3 N5f6 21. Rf1 Be7 22. Nd2
Bh3 23. Ng2 Qd7 24. f3 Ng5 25. Rf2 Qc8 26. Raf1 Bd7 27. f4 Nh3+ 28. Kh1 Nxf2+
29. Rxf2 Bg4 30. Qf1 Bh3 31. Be2 Nd7 32. fxe5 dxe5 33. Rxf7 Nf6 34. Rxg7+ Kxg7
35. Bxe5 Rf8 36. Bf4 Ng8 37. e5 Bg5 38. e6 Bxf4 39. gxf4 Qc7 40. Qf3 Bxg2+ 41.
Qxg2+ Kh8 42. Ne4 Qxf4 43. d6 Qc1+ 44. Qg1 Qxg1+ 45. Kxg1 Ra7 46. d7 Ne7 47.
Nd6 Rf6 $4 48. Nf7+ Rxf7 49. d8=Q+ 1-0

[Event "Mechanics' Winter TNM; 30/90, SD/30"]
[Site "San Francisco"]
[Date "2012.02.14"]
[Round "7.24"]
[White "Hilliard, Michael"]
[Black "Mar, Henry"]
[Result "0-1"]
[WhiteElo "1408"]
[BlackElo "1523"]
[PlyCount "74"]
[EventDate "2012.??.??"]

1. d4 Nf6 2. Bg5 e6 3. e4 Be7 4. Nc3 b6 5. e5 Ng8 6. Be3 Ba6 7. Bxa6 Nxa6 8. a3
c6 9. b4 Nc7 10. Nf3 Nh6 11. Bxh6 gxh6 12. Qd2 Bg5 13. Nxg5 Qxg5 14. Qxg5 hxg5
15. Ne4 h6 16. Nf6+ Ke7 17. O-O-O Nd5 18. Ne4 Nf4 19. g3 Nd5 20. c4 Nc7 21. f4
b5 22. c5 Nd5 23. Rdf1 Rhg8 24. Nd6 Ne3 25. Rf2 a5 26. Kb2 axb4 27. axb4 Ra4
28. Kb3 Rga8 29. f5 Ra3+ 30. Kb2 Ra2+ 31. Kb1 Rxf2 32. f6+ Kf8 33. Ne4 Rf1+ 34.
Rxf1 Nxf1 35. Kb2 Nxh2 36. Nc3 Nf3 37. Ne2 Ra4 0-1

[Event "Mechanics' Winter TNM; 30/90, SD/30"]
[Site "San Francisco"]
[Date "2012.01.03"]
[Round "1.12"]
[White "Hilliard, Michael"]
[Black "Morton, Adam"]
[Result "0-1"]
[WhiteElo "1408"]
[BlackElo "1849"]
[PlyCount "50"]
[EventDate "2012.??.??"]

1. d4 d5 2. Nf3 Nf6 3. e3 e6 4. Bd3 b6 5. Nbd2 Ba6 6. O-O Bxd3 7. cxd3 c5 8.
Re1 Nc6 9. a3 cxd4 10. Nxd4 Nxd4 11. Qa4+ Qd7 12. Qxd4 Bd6 13. b4 Qc7 14. Nf3
e5 15. Qh4 Qc3 16. Rb1 Qxd3 17. Bb2 Qf5 18. Rbd1 Rd8 19. Nd2 O-O 20. e4 dxe4
21. Nxe4 Nxe4 22. Rxe4 Be7 23. Qxh7+ Kxh7 24. Ree1 Rxd1 25. Rxd1 Qc2 0-1

[Event "Mechanics' Spring TNM; 30/90, SD/30"]
[Site "San Francisco"]
[Date "2012.03.27"]
[Round "3.20"]
[White "Hilliard, Michael"]
[Black "Nagarajan, Pranav"]
[Result "0-1"]
[WhiteElo "1535"]
[BlackElo "1819"]
[PlyCount "142"]
[EventDate "2012.??.??"]

1. d4 Nf6 2. Bg5 c5 3. Bxf6 gxf6 4. e3 cxd4 5. exd4 Qb6 6. b3 d5 7. Nc3 Qb4 8.
Qd3 Bf5 9. Qb5+ Nc6 10. Qxb4 Nxb4 11. Bb5+ Kd8 12. Rc1 Bh6 13. Rd1 Nxc2+ 14.
Kf1 a6 15. Be2 Nb4 16. Nf3 b5 17. Ne1 Rc8 18. Nb1 Nxa2 19. Bd3 Bxd3+ 20. Nxd3
e6 21. f4 Nc3 22. Re1 Nxb1 23. Rxb1 Bf8 24. Rc1 Rxc1+ 25. Nxc1 Bd6 26. Nd3 a5
27. Ke2 Kd7 28. Rc1 Rc8 29. Kd2 Rxc1 30. Kxc1 Ke8 31. Kd2 Kf8 32. g4 a4 33. Kc3
axb3 34. Kxb3 Ke7 35. h3 Kd7 36. Kb2 Kc6 37. Kb3 Kb6 38. Kc3 Ka5 39. Kb3 b4 40.
h4 h6 41. h5 Kb5 42. g5 fxg5 43. fxg5 hxg5 44. h6 Bf8 45. h7 Bg7 46. Nxb4 Bxd4
47. Nd3 g4 48. Nf4 Bh8 49. Kc2 Kc4 50. Kd2 Kd4 51. Ke2 Ke4 52. Nd3 Kf5 53. Kf2
Kg6 54. Kg3 Kxh7 55. Kxg4 Bc3 56. Kg5 f6+ 57. Kf4 e5+ 58. Kf5 Kh6 59. Nc5 e4
60. Nb3 e3 61. Nc1 d4 62. Ke4 Kg5 63. Ne2 f5+ 64. Kd3 f4 65. Nxc3 dxc3 66. Kxc3
e2 67. Kd2 f3 68. Ke1 Kf4 69. Kf2 e1=Q+ 70. Kxe1 Ke3 71. Kf1 f2 0-1

[Event "Mechanics' Winter TNM; 30/90, SD/30"]
[Site "San Francisco"]
[Date "2012.02.21"]
[Round "8.27"]
[White "Hilliard, Michael"]
[Black "Olson, David"]
[Result "1-0"]
[WhiteElo "1408"]
[BlackElo "1404"]
[PlyCount "67"]
[EventDate "2012.??.??"]

1. d4 d5 2. Nf3 Nf6 3. e3 Bg4 4. c4 c5 5. Qb3 b6 6. Ne5 e6 7. cxd5 exd5 8. Bb5+
Nbd7 9. Nc3 c4 10. Qa4 Be6 11. Nxd7 Nxd7 12. Bc6 b5 13. Qxb5 Rb8 14. Qa4 Bb4
15. O-O Bxc3 16. bxc3 O-O 17. Ba3 Rb6 18. Bxf8 Nxf8 19. Rab1 Qg5 20. f4 Qg6 21.
Rxb6 axb6 22. Qa8 Qe4 23. Re1 g6 24. Qd8 h5 25. Qg5 Nh7 26. Qg3 Qc2 27. h3 Qxa2
28. f5 Bxf5 29. Bxd5 Qa7 30. e4 Be6 31. Bxe6 fxe6 32. Qxg6+ Kh8 33. Rf1 e5 34.
Rf7 1-0

[Event "Mechanics' Winter TNM; 30/90, SD/30"]
[Site "San Francisco"]
[Date "2012.01.17"]
[Round "3.28"]
[White "Hilliard, Michael"]
[Black "Otterbach, Renate"]
[Result "1-0"]
[WhiteElo "1408"]
[BlackElo "841"]
[PlyCount "49"]
[EventDate "2012.??.??"]

1. d4 Nf6 2. Bg5 e6 3. e3 Be7 4. Bd3 d5 5. Nf3 c6 6. Nbd2 O-O 7. O-O Ne8 8.
Bxe7 Qxe7 9. Ne5 Nd7 10. f4 Nd6 11. Rf3 Nf5 12. Rh3 h6 13. Qe2 Nxe5 14. fxe5 f6
15. Nf3 Bd7 16. e4 Qb4 17. c3 Qb6 18. exf5 exf5 19. e6 Rae8 20. Bxf5 c5 21.
dxc5 Qxc5+ 22. Nd4 Bb5 23. Qg4 g5 24. Rxh6 Kg7 25. Rg6+ 1-0